00689pam a2200229 a 4500001000800000005001700008008004100025010001700066020001500083040001800098041000800116080001500124082001900139100000700158101000800165245006800173504003000241906004500271942001200316999001700328952011400345284297820180222042509.0841211s1985 enk b 001 0 eng  a 84028587  a0521305039 aDLCcDLCdDLC aeng a302.13 WRI00a302.13 WRI2191 a50 aSOC10aLibertarian conflicts in social choice /cJohn L. Wriglesworth. aBibliography: p. 152-153. a7bcbccorignewd1eocipf19gy-gencatlg 2ddccBK c43145d43145 00102udc40708PËKGa002b002cPËKGd2018-02-22l0o302.13 WRIp002-2999970r2018-02-22w2018-02-22yBK